000 01494nam a2200301Ia 4500
001 34324
003 IT-RoPAU
008 130308s9999 xx 000 0 und d
040 _aIT-RoPAU
040 _cIT-RoPAU
041 _aITALIANO
100 _aHaus Goffredo
100 _gCodice Aut. SPICS: 12245
245 _aElementi di informatica musicale
245 _bElementi di informatica Musicale
250 _a1a ed.
260 _aMILANO
260 _bJackson
260 _c1984 [1° Ed.:1984 - Ed.Ling.Originale:1984]
300 _a"234 p. (prefazione: 8; testo: 226)"
500 _aDescrizione dei Fenomeni Musicali strutture Musicali Grammatiche Formali per la Descrizione di strutture Musicali Processi Operatori e Processi Musicali Descrizione Funzionale e Misure di Complessità Algoritmi Analisi Elaborazione e sintesi di Testi Musicali Tecniche di Analisi Elaborazione e sintesi del Suono campionamento e Quantizzazione registrazione Digitale rappresentazione grafica di Fenomeni Musicali Processi Musicali e Processi Graficipartiture Auditive per Musica sintetica ingegneria del software Musicale sistemi e Dispositivi per l'elaborazione Musicale Architetture Funzionali Acquisizione Produzione Elaborazione di Dati linee di Sviluppo e prospettive Spazio Percettivo Sonoro Note Alla formalizzazione Insiemistica di Andre' Riotte
650 _aGENERI MUSICALI
650 _eCodice materia Spics: 7010
942 _cBK
957 _71
999 _c74188
_d74188
999 _bSI
999 _g1